| 000 | 02545nam a22005057a 4500 | ||
|---|---|---|---|
| 003 | CHAP | ||
| 005 | 20220817041720.0 | ||
| 008 | 971013s1994 r 00010 d | ||
| 010 | _a22389 | ||
| 011 | _a23361 | ||
| 035 | _a27457 | ||
| 040 | _cCHAP | ||
| 082 |
_a630.83 _bM49c 1991 |
||
| 110 |
_aInstituto Nacional de Estadística, Geografía e Informática. México _959304 |
||
| 245 | _aCenso agropecuario, 1991 (7) : Resultados definitivos : resumen nacional | ||
| 260 |
_aAguascalientes, Ags. : _bEl Instituto, _c1994 |
||
| 300 | _av. | ||
| 500 | _aLa biblioteca tiene : v.1 Censo ejidal.-- v.3 Censo agrícola ganadero.-- v.4 Panorama agropecuario | ||
| 590 |
_aBATCH-UPD _b10 _c20130110 _lUCH01 _h1134 |
||
| 590 |
_aBATCH-UPD _b10 _c20130410 _lUCH01 _h0722 |
||
| 590 |
_aBATCH-UPD _b10 _c20130914 _lUCH01 _h0709 |
||
| 590 |
_aCONVERSION _b10 _c20130109 _lUCH01 _h1313 |
||
| 650 | 1 | 4 |
_aAgricultura _xEstadisticas _zMexico. |
| 650 | 1 | 4 |
_aBosques _xMéxico. _914341 |
| 650 | 1 | 4 |
_aEjidos _zMéxico. _936039 |
| 650 | 1 | 4 |
_aGanadería _xEstadísticas _zMéxico. _944716 |
| 650 | 1 | 4 |
_aMaquinaria agrícola _xEstadísticas. _971170 |
| 650 | 1 | 4 |
_aProductos agrícolas _xEstadísticas. _991939 |
| 650 | 1 | 4 |
_aProductos pecuarios _xEstadísticas. _992167 |
| 901 | _aBK | ||
| 942 | _cLIBRO | ||
| 949 |
_a630.83 M49c 1991 _bBC _cINEGI _d33724000396974 _eINEGI _fv.3 Pte.2 c.2 _h89453 _i27457 _sb |
||
| 949 |
_a630.83 M49c 1991 _bBC _cINEGI _d33724000537072 _eINEGI _fv.1 c.2 _h88277 _i27457 _mD _sb |
||
| 949 |
_a630.83 M49c 1991 _bBC _cINEGI _d33724000559290 _eINEGI _fv.4 _h88276 _i27457 _mD _sb |
||
| 949 |
_a630.83 M49c 1991 _bBC _cINEGI _d33724000567905 _eINEGI _fv.3 Pte.1 _h88280 _i27457 _mD _sb |
||
| 949 |
_a630.83 M49c 1991 _bBC _cINEGI _d33724000609020 _eINEGI _fv.3 Pte.1 c.3 _h89452 _i27457 _sb |
||
| 949 |
_a630.83 M49c 1991 _bBC _cINEGI _d33724000612040 _eINEGI _fv.3 Pte.2 _h88281 _i27457 _mD _sb |
||
| 949 |
_a630.83 M49c 1991 _bBC _cINEGI _d33724000614301 _eINEGI _fv.1 _h87523 _i27457 _sb |
||
| 949 |
_a630.83 M49c 1991 _bBC _cINEGI _d33724000614681 _eINEGI _fv.3 Pte.2 c.3 _h88279 _i27457 _mD _sb |
||
| 949 |
_a630.83 M49c 1991 _bBC _cINEGI _d33724000680039 _eINEGI _fv.3 Pte.1 c.4 _h91998 _i27457 _mD _sb |
||
| 949 |
_a630.83 M49c 1991 _bBC _cINEGI _d33724000680070 _eINEGI _fv.4 c.2 _h92140 _i27457 _mD _sb |
||
| 949 |
_a630.83 M49c 1991 _bBC _cINEGI _d33724000680088 _eINEGI _fv.1 c.3 _h92141 _i27457 _sb |
||
| 949 |
_a630.83 M49c 1991 _bBC _cINEGI _d33724000730628 _eINEGI _fv.3 Pte.1 c.2 _h88278 _i27457 _mD _sb |
||
| 949 |
_a630.83 M49c 1991 _bBC _cINEGI _d33724000745543 _eINEGI _fv.3 Pte.2 c.4 _h91999 _i27457 _mD _sb |
||
| 999 |
_c22389 _d22389 |
||